| 000 | 00535nam a2200145 a 4500 | ||
|---|---|---|---|
| 001 | 000029803 | ||
| 005 | 20200930055822.0 | ||
| 008 | 110426s2003 dr 000 0 spa d | ||
| 040 |
_aDO-SdBNP _bspa _cBNPHU |
||
| 245 | 0 | 0 |
_aOrganización de redes locales de atención integral a la violencia intrafamiliar / _cinvestigación Dinys Luciano Ferdinand. |
| 260 |
_aSanto Domingo : _bSecretaría de Estado de la Mujer, _c2003. _fEditora Búho |
||
| 300 |
_a46 p. : _bil. ; _c22 cm. |
||
| 700 | 1 |
_aLuciano Ferdinand, Dinys _956557 |
|
| 049 | _aBNPD | ||
| 999 |
_c29295 _d29295 |
||